| 000 | 00892cad a22002295a 4500 | ||
|---|---|---|---|
| 001 | E148929 | ||
| 008 | 091201e20091201xxk 000 0 eng d | ||
| 035 | _a(Sirsi) u148929 | ||
| 041 | 0 | _aeng | |
| 110 | 2 |
_aScotland _bScottish Government _95344 |
|
| 245 | 0 | 0 |
_aHome reports _h[electronic resource] |
| 260 | _c2009 | ||
| 490 |
_aScottish Government News Release _v1 December 2009 |
||
| 520 | _aSuggests that the introduction of Home Reports in Scotland a year ago has been a success and has benefitted buyers and sellers. | ||
| 590 | _aKA | ||
| 650 | 2 | 4 | _aHOME REPORT |
| 650 | 2 | 4 | _aSCOTTISH SINGLE SURVEY SCHEME |
| 651 | 4 |
_aScotland _y1999- |
|
| 690 | _aPROPERTY-RESIDENTIAL PROPERTY-ACQUISITION AND DISPOSAL OF RESIDENTIAL PROPERTY | ||
| 856 | 4 | 0 |
_uhttps://www.scotland.gov.uk/News/Releases/2009/12/30100637 _zView the news release free of charge at www.scotland.gov.uk... |
| 942 | _n0 | ||
| 999 |
_c82008 _d82008 |
||